000 00282nam a22001337a 4500
003 SGT
020 _a9788179103500
082 _a302.2,SIN
100 _aSINHA, MOSAM
245 _aEFFECTIVE COMMUNICATION SKILLS
260 _aJAIPUR
_bAPD
_c2017
300 _a182
942 _2ddc
_cBK
999 _c33490
_d33490